=LDR 00000nam 2200000 4500 =001 INLIS000000000019577 =005 20130612114623 =008 ***********************************Ind** =035 ##$$0010-061300000019577 =041 ##$$a Ind =082 ##$$a 621.381 =090 ##$$a 621.381, Rus c =100 ##$$a Rusmadi, Dedy =245 ##$$a Cara membuat PCB, Dedy Rusmadi =260 ##$$a 1991 $b Bandung =300 ##$$a viii, 72 hlm, ilus, 21 cm =650 ##$$a Elektronika =850 ##$$a NBPNMAT